| 000 | 02696nam0a22003011 4500 | ||
|---|---|---|---|
| 001 | rc\4001274 | ||
| 005 | 20250611052206.0 | ||
| 021 |
_aRU _b[55-43483] |
||
| 035 | _a(NLR Aleph) 008073131 | ||
| 090 |
_a9075644 _c9075644 |
||
| 100 | _a20130415d1955 |||y0rusy50 ca | ||
| 101 | 1 |
_arus _cger _ceng |
|
| 102 | _aRU | ||
| 105 | _ay z ||||| | ||
| 200 | 1 |
_aВопросы устойчивости в шведских линиях электропередачи _aХарактеристика разрядников _eПер. с нем. и англ. _fГос. трест по организации и рационализации район электр. станций и сетей ОРГРЭС М-ва электростанций |
|
| 210 |
_aМосква _aЛенинград _cГосэнергоиздат _d1955 |
||
| 215 |
_a16 с. _cграф. _d26 |
||
| 225 | 1 | _a[Новости зарубежной энергетики] | |
| 327 | 1 | _aСодерж.: Вопросы устойчивости и генерирования реактивной мощности в шведских линиях электропередачи. (Bulletin ASE, 1954, № 14) / Д. Элер. Характеристика разрядников для защиты от атмосферных перенапряжений. Доклад комитета Америк. ин-та инженеров-электриков AJEE и обсуждение. (AIEE Transaction, 1953, т. 73, ч. 3) | |
| 464 | 0 |
_12001#$aХарактеристика разрядников для защиты от атмосферных перенапряжений$eДоклад комитета Америк. ин-та инженеров-электриков AJEE и обсуждение$e(AIEE Transaction, 1953, т. 73, ч. 3) _tХарактеристика разрядников для защиты от атмосферных перенапряжений |
|
| 464 | 0 |
_12001#$aВопросы устойчивости и генерирования реактивной мощности в шведских линиях электропередачи$e(Bulletin ASE, 1954, № 14) _1700#1$aЭлер$bД. _tВопросы устойчивости и генерирования реактивной мощности в шведских линиях электропередачи _aЭлер, Д. |
|
| 606 |
_aЭлектрические линии передачи, высоковольтные _xУстойчивость _2psbo |
||
| 606 |
_aРазрядники _xТехнические характеристики _2psbo |
||
| 801 | 0 |
_aRU _bNLR _gpsbo |
|
| 801 | 1 |
_aRU _bELAR _2rusmarc |
|
| 852 |
_aNLR _jТ20 Г-8/682 |
||
| 942 | _cBOOK | ||
| 980 | _aNB | ||